000 00304nam a2200133 i 4500
001 bg
100 1 _aREINER, M.
245 0 _aRheologie in Elementarer Darstellung /
_cM. Reiner.
260 _aLipsk,
_c1968.
040 _cBPK
041 _apol
942 _cKS
008 s pl f |000 0 pol
999 _c8591
_d8591
856 _uhttp://koha.tu.koszalin.pl/cgi-bin/koha/opac-detail.pl?biblionumber=8591
_yKatalog online BPK